Darované počítače pre katastrálny úrad v Brezne nastoľujú otázku, ako financovať celoštátny počítačový systém

Prínos grafického informačného systému, ktorý ako dar dostalo mesto Brezno od Slovensko-amerického podnikateľského fondu a americkej spoločnosti Steward Information International pre katastrálny úrad v Brezne (spravuje 7 katastrálnych území). Obsah informačného systému, spojenie s digitálnymi mapami...

Full description

Saved in:
Bibliographic Details
Main Author: Beer, Gabriel
Format: Book Chapter
Language:Slovak
Subjects:
Tags: Add Tag
No Tags, Be the first to tag this record!

MARC

LEADER 00000naa a2200000 4500
001 r015795
005 20221213114359.0
041 0 |a slo 
044 |a SK 
245 1 0 |a Darované počítače pre katastrálny úrad v Brezne nastoľujú otázku, ako financovať celoštátny počítačový systém  |c G. Beer 
520 |a Prínos grafického informačného systému, ktorý ako dar dostalo mesto Brezno od Slovensko-amerického podnikateľského fondu a americkej spoločnosti Steward Information International pre katastrálny úrad v Brezne (spravuje 7 katastrálnych území). Obsah informačného systému, spojenie s digitálnymi mapami jednotlivých pozemkov, okamžité informácie. Úrad geodézie, kartografie a katastra SR k vhodnosti informačného systému, chýbajú prostriedky. 
610 2 0 |a pôda 
610 2 0 |a nehnuteľnosti 
610 2 0 |a pozemky 
610 2 0 |a evidencia 
610 2 0 |a využitie počítačov 
610 2 0 |a systémy informačné 
610 2 0 |a Slovensko 
610 2 0 |a Brezno 
610 2 0 |a Katastrálny úrad 
610 2 0 |a Slovensko-americký podnikateľský fond 
610 2 0 |a Steward Information International 
100 1 |a Beer, Gabriel